|
|
|
|
| LEADER |
01109nam a2200241 a 4500 |
| 003 |
GR-PaULI |
| 005 |
20210527094142.0 |
| 008 |
070924s2008 njua b 001 0 eng d |
| 952 |
|
|
|0 0
|1 0
|2 ddc
|4 0
|6 006_780000000000000_NOR
|7 0
|9 234636
|a LISA
|b LISA
|c BSC
|d 2019-08-29
|i 2624
|l 0
|o 006.78 NOR
|p 025000263567
|r 2019-08-29 00:00:00
|t 1
|w 2019-08-29
|y BK15
|
| 999 |
|
|
|c 142266
|d 142266
|
| 020 |
|
|
|a 9780136135609
|
| 040 |
|
|
|a GR-PaULI
|b gre
|c GR-PaULI
|d GR-AiPI
|e AACR2
|
| 082 |
0 |
4 |
|a 006.78
|2 23
|
| 100 |
1 |
|
|a North, Barrie M.
|9 177598
|e συγγραφέας.
|
| 245 |
1 |
0 |
|a Joomla! :
|b a user's guide : building a successful Joomla! powered Website /
|c Barrie M. North.
|
| 260 |
|
|
|a Upper Saddle River, NJ :
|b Prentice Hall,
|c c2008.
|
| 300 |
|
|
|a xxix, 445 σ. :
|b εικ. ;
|c 24 εκ.
|
| 504 |
|
|
|a Περιλαμβάνε βιβλιογραφικές παραπομπές και ευρετήριο.
|
| 650 |
|
4 |
|a Ιστότοποι
|x Σχεδιασμός
|9 85135
|
| 650 |
|
4 |
|a Ιστότοποι
|x Ανάπτυξη
|9 82662
|
| 650 |
|
4 |
|a Joomla! (Πρόγραμμα Η/Υ)
|9 177599
|
| 942 |
|
|
|2 ddc
|c BK15
|
| 998 |
|
|
|c ΛΟΥΚΟΠΟΥΛΟΥ
|d 2019-08
|